Organization development & change / (Record no. 12807)
[ view plain ]
| 000 -LEADER | |
|---|---|
| fixed length control field | 02362cam a22003735a 4500 |
| 001 - CONTROL NUMBER | |
| control field | 15558899 |
| 005 - DATE AND TIME OF LATEST TRANSACTION | |
| control field | 20180128102830.0 |
| 008 - FIXED-LENGTH DATA ELEMENTS--GENERAL INFORMATION | |
| fixed length control field | 081216s2009 ohuab frb 001 0 eng |
| 010 ## - LIBRARY OF CONGRESS CONTROL NUMBER | |
| LC control number | 2008301329 |
| 020 ## - INTERNATIONAL STANDARD BOOK NUMBER | |
| International Standard Book Number | 9780324580532 |
| 020 ## - INTERNATIONAL STANDARD BOOK NUMBER | |
| International Standard Book Number | 0324580533 |
| 040 ## - CATALOGING SOURCE | |
| Original cataloging agency | DLC |
| Transcribing agency | DLC |
| Language of cataloging | eng |
| Modifying agency | EG-ScBUE |
| -- | EG-ScBUE |
| 082 04 - DEWEY DECIMAL CLASSIFICATION NUMBER | |
| Classification number | 302.35 |
| Item number | CUM |
| Edition number | 22 |
| 100 1# - MAIN ENTRY--PERSONAL NAME | |
| Personal name | Cummings, Thomas G. |
| 9 (RLIN) | 8935 |
| 245 10 - TITLE STATEMENT | |
| Title | Organization development & change / |
| Statement of responsibility, etc | Thomas G. Cummings, Christopher G. Worley. |
| 246 3# - VARYING FORM OF TITLE | |
| Title proper/short title | Organization development and change |
| 250 ## - EDITION STATEMENT | |
| Edition statement | 9th ed., International student ed. |
| 260 ## - PUBLICATION, DISTRIBUTION, ETC. (IMPRINT) | |
| Place of publication, distribution, etc | Mason, Oh : |
| Name of publisher, distributor, etc | South-Western/Cengage Learning, |
| Date of publication, distribution, etc | c.2009. |
| 300 ## - PHYSICAL DESCRIPTION | |
| Extent | xx, 772 p. : |
| Other physical details | ill., map ; |
| Dimensions | 27 cm. |
| 500 ## - GENERAL NOTE | |
| General note | Indexes : p. 756-772. |
| 500 ## - GENERAL NOTE | |
| General note | Glossary : p. 746-755. |
| 504 ## - BIBLIOGRAPHY, ETC. NOTE | |
| Bibliography, etc | Includes bibliographical references. |
| 505 0# - FORMATTED CONTENTS NOTE | |
| Formatted contents note | General introduction to organization development -- The nature of planned change -- The organization development practitioner -- Entering and contracting -- Diagnosing organizations -- Diagnosing groups and jobs -- Collecting and analyzing diagnostic information -- Feeding back diagnostic information -- Designing interventions -- Leading and managing change -- Evaluating and institutionalizing organization development interventions -- Interpersonal and group process approaches -- Organization process approaches -- Restructuring organizations -- Employee involvement -- Work design -- Performance management -- Developing talent -- Managing workforce diversity and wellness -- Transformational change -- Continuous change -- Transorganizational change -- Organization development in global settings -- Organization development in nonindustrial settings: health care, school systems, the public sector, and family-owned businesses -- Future directions in organization development -- Glossary. |
| 590 ## - LOCAL NOTE (RLIN) | |
| Local note | Menna elemam |
| 650 #0 - SUBJECT ADDED ENTRY--TOPICAL TERM | |
| Topical term or geographic name as entry element | Organizational change. |
| 9 (RLIN) | 8936 |
| Source of heading or term | BUEsh |
| 650 #0 - SUBJECT ADDED ENTRY--TOPICAL TERM | |
| Topical term or geographic name as entry element | Organization. |
| 9 (RLIN) | 8937 |
| Source of heading or term | BUEsh |
| 650 #0 - SUBJECT ADDED ENTRY--TOPICAL TERM | |
| Topical term or geographic name as entry element | Industrial organization. |
| 9 (RLIN) | 8938 |
| Source of heading or term | BUEsh |
| 651 ## - SUBJECT ADDED ENTRY--GEOGRAPHIC NAME | |
| Source of heading or term | BUEsh |
| 653 ## - INDEX TERM--UNCONTROLLED | |
| Resource For college | BAEPS, Business Administration |
| Arrived date list | August2015 |
| 655 ## - INDEX TERM--GENRE/FORM | |
| Form subdivision | Text book |
| -- | 33728 |
| 700 1# - ADDED ENTRY--PERSONAL NAME | |
| Personal name | Worley, Christopher G. |
| 9 (RLIN) | 8939 |
| 942 ## - ADDED ENTRY ELEMENTS (KOHA) | |
| Source of classification or shelving scheme | Dewey Decimal Classification |
| Item type | Book - Borrowing |
| Call number suffix | 302.35 CUM |
| Withdrawn status | Item status | Source of classification or shelving scheme | Damaged status | Not for loan | Vendor | Home library | Current library | Shelving location | Date acquired | Cost, normal purchase price | Total Checkouts | Total Renewals | Full call number | Barcode | Date last seen | Date last borrowed | Cost, replacement price | Koha item type | Materials specified (bound volume or other part) | Source of acquisition | Serial Enumeration / chronology |
|---|---|---|---|---|---|---|---|---|---|---|---|---|---|---|---|---|---|---|---|---|---|
| Dewey Decimal Classification | Baccah | Central Library | Central Library | First floor | 18/10/2009 | 180.00 | 17 | 68 | 302.35 CUM | 000018049 | 15/07/2025 | 10/08/2022 | 225.00 | Book - Borrowing | |||||||
| Dewey Decimal Classification | Baccah | Central Library | Central Library | First floor | 18/10/2009 | 180.00 | 26 | 52 | 302.35 CUM | 000026573 | 15/07/2025 | 18/12/2019 | 225.00 | Book - Borrowing | |||||||
| Dewey Decimal Classification | Baccah | Central Library | Central Library | First floor | 18/10/2009 | 180.00 | 22 | 92 | 302.35 CUM | 000018051 | 15/07/2025 | 10/08/2022 | 225.00 | Book - Borrowing | |||||||
| Lost | Dewey Decimal Classification | Baccah | Central Library | Central Library | First floor | 18/10/2009 | 180.00 | 5 | 302.35 CUM | 000018052 | 01/07/2011 | 02/01/2011 | 225.00 | NB - Book (Non borrowing) | Lost In Inventory_2015-8-23 | ||||||
| Dewey Decimal Classification | Baccah | Central Library | Central Library | First floor | 19/10/2009 | 180.00 | 19 | 69 | 302.35 CUM | 000018492 | 15/07/2025 | 06/12/2020 | 225.00 | Book - Borrowing | |||||||
| Dewey Decimal Classification | Baccah | Central Library | Central Library | First floor | 19/10/2009 | 180.00 | 19 | 70 | 302.35 CUM | 000018491 | 15/07/2025 | 23/11/2021 | 225.00 | Book - Borrowing | |||||||
| Lost and Paid For | Dewey Decimal Classification | Baccah | Central Library | Central Library | First floor | 19/10/2009 | 128.00 | 11 | 34 | 302.35 CUM | 000018490 | 27/10/2014 | 27/10/2014 | 160.00 | Book - Borrowing | ||||||
| Dewey Decimal Classification | Baccah | Central Library | Central Library | First floor | 19/10/2009 | 180.00 | 12 | 29 | 302.35 CUM | 000018489 | 15/07/2025 | 08/10/2017 | 225.00 | NB - Book (Non borrowing) | |||||||
| Dewey Decimal Classification | Baccah | Central Library | Central Library | First floor | 13/10/2010 | 180.00 | 10 | 79 | 302.35 CUM | 000022371 | 25/09/2024 | 15/12/2019 | 225.00 | Book - Borrowing | |||||||
| Lost & Replaced | Dewey Decimal Classification | Baccah | Central Library | Central Library | First floor | 13/10/2010 | 180.00 | 5 | 7 | 302.35 CUM | 000022372 | 04/12/2012 | 04/12/2012 | 225.00 | NB - Book (Non borrowing) | ||||||
| Dewey Decimal Classification | Central Library | Central Library | First floor | 26/08/2015 | 312.50 | 13 | 21 | 302.35 CUM | 000015522 | 15/07/2025 | 27/10/2020 | Book - Borrowing | Purchase | 349 |